Normal view
MARC view
Entry Topical Term
001 - CONTROL NUMBER
- control field: 73097
003 - CONTROL NUMBER IDENTIFIER
- control field: OSt
005 - DATE AND TIME OF LATEST TRANSACTION
- control field: 20181023132027.0
008 - FIXED-LENGTH DATA ELEMENTS
- fixed length control field: 181023|| aca||aabn | a|a d
040 ## - CATALOGING SOURCE
- Original cataloging agency: OSt
- Transcribing agency: OSt
150 ## - HEADING--TOPICAL TERM
- Topical term or geographic name entry element: रिजनिंग
670 ## - SOURCE DATA FOUND
- Source citation: Work cat.: (OSt): बी ए बी 69422, मध्यप्रदेश लोक सेवा आयोग ( प्रारंभिक) परीक्षा द्वितीय पेपर (सामान्य अभिरूचि परीक्षण ) नोटस (2018 के हल प्रश्न पत्र सहित ) , 2018









